[Event "NJSK 2019 Jeugd C"]
[Site "Assen, Netherlands"]
[Date "2019.04.28"]
[Round "1.3"]
[White "Klaren, Duncan"]
[Black "De Winter, Arthur"]
[Result "0-1"]
[WhiteElo "1980"]
[BlackElo "1661"]
[PlyCount "102"]
[EventDate "2019.??.??"]

1. e4 c5 2. Nf3 e6 3. d4 cxd4 4. Nxd4 Nc6 5. Nc3 Qc7 6. g3 a6 7. Bg2 Nf6 8. O-O
Be7 9. Nb3 O-O 10. f4 d6 11. g4 b5 12. g5 Nd7 13. a3 Bb7 14. Rf3 Rfd8 15. Rh3
Nf8 16. Be3 b4 17. Ne2 Rac8 18. Ned4 Nxd4 19. Nxd4 d5 20. exd5 Bxd5 21. Bf1
bxa3 22. bxa3 Bc4 23. Bg2 e5 24. fxe5 Qxe5 25. Rg3 Ne6 26. c3 Bc5 27. Qg4 Qd6
28. Nf5 Bxe3+ 29. Rxe3 Qc5 30. Rae1 Qxa3 31. Re5 Rc5 32. Ne7+ Kf8 33. Nc6 Rxe5
34. Nxe5 Qxc3 35. Nf3 a5 36. Qe4 Bd5 37. Qe2 Bxf3 38. Bxf3 Rd2 39. Qe4 Qc5+ 40.
Kh1 Qf2 41. Qa8+ Ke7 42. Qb7+ Rd7 43. Qe4 g6 44. Bg4 Rd2 45. Qb7+ Kf8 46. Qb8+
Kg7 47. Qe5+ Kg8 48. Qb8+ Nf8 49. Rg1 a4 50. Bh3 a3 51. Rf1 Qe2 0-1

[Event "NJSK 2019 Jeugd C"]
[Site "Assen, Netherlands"]
[Date "2019.04.28"]
[Round "1.4"]
[White "Jakhari, Ansh"]
[Black "Brandsma, Romayn"]
[Result "0-1"]
[WhiteElo "1630"]
[BlackElo "1958"]
[PlyCount "78"]
[EventDate "2019.??.??"]

1. e4 d6 2. d4 Nf6 3. Nc3 e5 4. dxe5 dxe5 5. Qxd8+ Kxd8 6. Bg5 Be6 7. O-O-O+
Nbd7 8. f4 h6 9. Bxf6+ gxf6 10. f5 Bxa2 11. Nxa2 c6 12. Bc4 Rh7 13. Nf3 Kc7 14.
h4 b5 15. Bd3 a5 16. g4 Bc5 17. g5 hxg5 18. hxg5 Rxh1 19. Rxh1 fxg5 20. Kd2 g4
21. Ne1 a4 22. Ng2 b4 23. Bc4 Nf6 24. Re1 Rd8+ 25. Kc1 Rh8 26. Bd3 Rh2 27. Re2
g3 28. Ne1 Ng4 29. c3 Bf2 30. Nf3 Rh1+ 31. Kd2 g2 32. Nxb4 Nh2 33. Ng1 Rxg1 34.
Rxf2 Rd1+ 35. Kxd1 g1=Q+ 36. Ke2 Ng4 37. Rf1 Qg2+ 38. Ke1 Qxb2 39. Na6+ Kd8 0-1

[Event "NJSK 2019 Jeugd C"]
[Site "Assen, Netherlands"]
[Date "2019.04.28"]
[Round "1.6"]
[White "Arnold, Lorin"]
[Black "Van der Hagen, Loek"]
[Result "1/2-1/2"]
[WhiteElo "1598"]
[BlackElo "1931"]
[PlyCount "45"]
[EventDate "2019.??.??"]

1. e4 c5 2. Nc3 Nc6 3. f4 g6 4. Nf3 Bg7 5. Bc4 e6 6. O-O Nge7 7. Qe1 O-O 8. d3
d5 9. Bb3 a6 10. a4 b6 11. Qh4 Bb7 12. f5 exf5 13. Bh6 Nd4 14. Ng5 f6 15. exd5
Nxd5 16. Bxg7 fxg5 17. Qh6 Rf7 18. Bxd4 cxd4 19. Ne2 Qf6 20. Ng3 Ne3 21. Nh5
Qh8 22. Qxg5 Bd5 23. Bxd5 1/2-1/2

[Event "NJSK 2019 Jeugd C"]
[Site "Assen, Netherlands"]
[Date "2019.04.28"]
[Round "1.8"]
[White "Bakija, Alan"]
[Black "Kutchoukov, Daniel"]
[Result "1/2-1/2"]
[WhiteElo "1580"]
[BlackElo "1862"]
[PlyCount "62"]
[EventDate "2019.??.??"]

1. Nf3 Nf6 2. g3 e6 3. Bg2 d5 4. O-O Bd6 5. d4 O-O 6. c4 c6 7. c5 Bc7 8. Nc3
Nbd7 9. Bf4 b6 10. b4 Bb7 11. Ne5 Nxe5 12. Bxe5 Bxe5 13. dxe5 Nd7 14. Qd4 f6
15. exf6 Qxf6 16. Qxf6 Rxf6 17. Na4 e5 18. e3 Raf8 19. f3 Ba6 20. Rfe1 Bb5 21.
Nc3 bxc5 22. Nxb5 cxb5 23. bxc5 Nxc5 24. Red1 Rd6 25. Rac1 Na6 26. f4 exf4 27.
Bxd5+ Kh8 28. gxf4 Nb4 29. Bb3 Rg6+ 30. Kf2 Rh6 31. Kg1 Rg6+ 1/2-1/2

[Event "NJSK 2019 Jeugd C"]
[Site "Assen, Netherlands"]
[Date "2019.04.29"]
[Round "2.1"]
[White "Brandsma, Romayn"]
[Black "Bartels, Vladimir"]
[Result "1-0"]
[WhiteElo "1958"]
[BlackElo "1748"]
[PlyCount "57"]
[EventDate "2019.??.??"]

1. e4 e5 2. Nf3 Nc6 3. d4 exd4 4. Bc4 Bc5 5. c3 d6 6. cxd4 Bb4+ 7. Nc3 Nf6 8.
d5 Ne5 9. Qa4+ c6 10. Qxb4 a5 11. Qb3 a4 12. Qb4 c5 13. Bb5+ Nfd7 14. Qa3 O-O
15. Bf4 Nxf3+ 16. gxf3 Nb6 17. Ne2 Qf6 18. Qc3 Qxc3+ 19. Nxc3 Rd8 20. Bd3 Ra5
21. Kd2 h6 22. Rag1 c4 23. Bc2 a3 24. Bxh6 Kh7 25. Bxg7 axb2 26. e5+ f5 27.
exf6+ Kg8 28. Bh6+ Kf7 29. Bg6+ 1-0

[Event "NJSK 2019 Jeugd C"]
[Site "Assen, Netherlands"]
[Date "2019.04.29"]
[Round "2.2"]
[White "Yeh, Timo"]
[Black "Bleeker, Kasper"]
[Result "1-0"]
[WhiteElo "1783"]
[BlackElo "1932"]
[PlyCount "85"]
[EventDate "2019.??.??"]

1. d4 d5 2. Nf3 Nf6 3. Bf4 Bf5 4. e3 e6 5. c4 Bd6 6. Bg3 O-O 7. c5 Be7 8. Nc3
b6 9. b4 a5 10. a3 axb4 11. axb4 Nc6 12. Ra4 Rxa4 13. Qxa4 Qa8 14. Bxc7 bxc5
15. bxc5 Qb7 16. Bb6 Ra8 17. Qd1 Nb4 18. Bb5 Ra1 19. Qxa1 Nc2+ 20. Kd2 Nxa1 21.
Rxa1 Bd8 22. Ne5 Bxb6 23. Bc6 Ne4+ 24. Kc1 Qe7 25. cxb6 h6 26. Ra8+ Kh7 27. Na2
Qh4 28. b7 Qxf2 29. b8=Q Qd2+ 30. Kb1 Nc3+ 31. Ka1 Qd1+ 32. Kb2 Qc2+ 33. Ka3
Qxa2+ 34. Kb4 Qb2+ 35. Ka5 Qa3+ 36. Kb6 Qb4+ 37. Kc7 Qe7+ 38. Bd7 Nb5+ 39. Qxb5
f6 40. Nc6 Qf7 41. Qb8 e5 42. Qg8+ Qxg8 43. Bxf5+ 1-0

[Event "NJSK 2019 Jeugd C"]
[Site "Assen, Netherlands"]
[Date "2019.04.29"]
[Round "2.3"]
[White "De Winter, Arthur"]
[Black "Labruyere, Roger"]
[Result "1/2-1/2"]
[WhiteElo "1661"]
[BlackElo "1922"]
[PlyCount "77"]
[EventDate "2019.??.??"]

1. e4 c5 2. Nf3 d6 3. d4 cxd4 4. Nxd4 Nf6 5. Nc3 a6 6. h3 e5 7. Nb3 h5 8. Be3
Be7 9. Nd5 Nbd7 10. Bd3 b5 11. a4 Nxd5 12. exd5 Bb7 13. axb5 axb5 14. Bxb5 Rxa1
15. Qxa1 Bxd5 16. O-O O-O 17. c4 Be6 18. Qa7 f5 19. f4 g5 20. fxe5 Nxe5 21. Bb6
Qb8 22. Qxe7 Qxb6+ 23. Kh1 Bf7 24. Rxf5 g4 25. Qf6 Qe3 26. Rg5+ Bg6 27. Rxg6+
Nxg6 28. Qxg6+ Kh8 29. Qxh5+ Kg7 30. Qxg4+ Kh7 31. Qd7+ Kh8 32. Qxd6 Rf1+ 33.
Kh2 Qg1+ 34. Kg3 Qf2+ 35. Kh2 Qg1+ 36. Kg3 Qf2+ 37. Kh2 Qg1+ 38. Kg3 Qf2+ 39.
Kh2 1/2-1/2

[Event "NJSK 2019 Jeugd C"]
[Site "Assen, Netherlands"]
[Date "2019.04.29"]
[Round "2.4"]
[White "Franke, Daniel"]
[Black "Boghossian, Wahe"]
[Result "0-1"]
[WhiteElo "1465"]
[BlackElo "1820"]
[PlyCount "68"]
[EventDate "2019.??.??"]

1. d4 Nf6 2. c4 e6 3. Nc3 c5 4. e3 cxd4 5. exd4 d5 6. c5 Nc6 7. Nf3 Be7 8. Be3
O-O 9. Be2 b6 10. Bb5 Bb7 11. Bxc6 Bxc6 12. Ne5 Rc8 13. b4 bxc5 14. dxc5 Nd7
15. Nxd7 Qxd7 16. Bd4 Rfe8 17. O-O f6 18. f4 Bd8 19. Re1 Bc7 20. Qb3 Bxf4 21.
b5 Ba8 22. c6 Qc7 23. g3 Bd2 24. Re2 Bxc3 25. Qxc3 Rb8 26. Rb2 e5 27. Bc5 d4
28. Qb3+ Kh8 29. Qa3 d3 30. Rab1 d2 31. Be3 Rxb5 32. Rxb5 Qxc6 33. Rb7 Bxb7 34.
Rxb7 d1=Q+ 0-1

[Event "NJSK 2019 Jeugd C"]
[Site "Assen, Netherlands"]
[Date "2019.04.29"]
[Round "2.5"]
[White "Van der Hagen, Loek"]
[Black "Shadrin, Mitia"]
[Result "1-0"]
[WhiteElo "1931"]
[BlackElo "1692"]
[PlyCount "55"]
[EventDate "2019.??.??"]

1. e4 c5 2. Nf3 d6 3. d4 cxd4 4. Nxd4 Nf6 5. Nc3 g6 6. Be3 Bg7 7. f3 O-O 8. Qd2
Nc6 9. O-O-O Bd7 10. h4 Rc8 11. g4 Qa5 12. h5 Nb4 13. Kb1 Bxg4 14. a3 Bxh5 15.
axb4 Qxb4 16. Be2 Rxc3 17. Qxc3 Qxc3 18. bxc3 Rc8 19. Rh2 Rxc3 20. Rd3 Rxd3 21.
cxd3 d5 22. Nb3 b6 23. Kc1 dxe4 24. fxe4 Ng4 25. Bxg4 Bxg4 26. Ra2 Be6 27. Rxa7
Bxb3 28. Ra8+ 1-0

[Event "NJSK 2019 Jeugd C"]
[Site "Assen, Netherlands"]
[Date "2019.04.29"]
[Round "2.6"]
[White "Van Arendonk, Polle"]
[Black "Pham, Khoi"]
[Result "0-1"]
[WhiteElo "1803"]
[BlackElo "2140"]
[PlyCount "70"]
[EventDate "2019.??.??"]

1. e4 c5 2. Nf3 d6 3. d4 cxd4 4. Nxd4 Nf6 5. Nc3 a6 6. f4 e6 7. Nf3 Nc6 8. Bd3
Be7 9. O-O b5 10. a3 Bb7 11. Kh1 Rc8 12. Qe1 b4 13. axb4 Nxb4 14. Bd2 O-O 15.
e5 Nxd3 16. cxd3 dxe5 17. fxe5 Nd7 18. Qg3 f6 19. Nd4 Nc5 20. Be3 fxe5 21.
Rxf8+ Bxf8 22. Qxe5 Bd6 23. Qh5 Qf6 24. Qe2 Rf8 25. Bg1 Qg6 26. Rd1 Rf4 27. b4
Rg4 28. Nf3 Rxb4 29. Na2 Rf4 30. Bxc5 Bxc5 31. Rb1 Qf7 32. Ng5 Rf2 33. Qxe6
Bxg2+ 34. Kg1 Re2+ 35. Qe3 Bxe3# 0-1

[Event "NJSK 2019 Jeugd C"]
[Site "Assen, Netherlands"]
[Date "2019.04.29"]
[Round "2.7"]
[White "Kutchoukov, Daniel"]
[Black "Arnold, Lorin"]
[Result "1-0"]
[WhiteElo "1862"]
[BlackElo "1598"]
[PlyCount "89"]
[EventDate "2019.??.??"]

1. e4 c5 2. Nf3 Nc6 3. Bb5 g6 4. O-O Bg7 5. Re1 Nf6 6. c3 O-O 7. d4 cxd4 8.
cxd4 d6 9. Nc3 Bg4 10. Be3 a6 11. Be2 b5 12. h3 Bc8 13. a3 Bb7 14. d5 Nb8 15.
Nd4 Nbd7 16. f4 Nc5 17. Bf3 Rc8 18. e5 dxe5 19. Nc6 Bxc6 20. dxc6 e4 21. Bxc5
exf3 22. Qxf3 Re8 23. g4 e6 24. Rad1 Qc7 25. g5 Nh5 26. Ne2 Qxc6 27. Qxc6 Rxc6
28. b4 Bb2 29. Nd4 Rcc8 30. Re2 Bxd4+ 31. Rxd4 Red8 32. Red2 Rxd4 33. Rxd4 Kg7
34. Kf2 h6 35. h4 hxg5 36. hxg5 Re8 37. Bd6 Kg8 38. Be5 Rc8 39. Rd7 Ng7 40. Ra7
Rc2+ 41. Kf3 Rc6 42. Ra8+ Kh7 43. Ke4 Rc4+ 44. Kd3 Rc6 45. Rf8 1-0

[Event "NJSK 2019 Jeugd C"]
[Site "Assen, Netherlands"]
[Date "2019.04.29"]
[Round "2.9"]
[White "Roebers, Eline"]
[Black "Dekker, Thiemen"]
[Result "1-0"]
[WhiteElo "2077"]
[BlackElo "1521"]
[PlyCount "49"]
[EventDate "2019.??.??"]

1. e4 e5 2. Nf3 Nc6 3. Nc3 Nf6 4. a3 Bc5 5. Nxe5 Nxe5 6. d4 Bd6 7. f4 Ng6 8. e5
Be7 9. exf6 Bxf6 10. Be2 d5 11. O-O O-O 12. Bf3 c6 13. Ne2 Re8 14. c3 Nh4 15.
Ng3 Nxf3+ 16. Qxf3 Bd7 17. f5 Bh4 18. Nh5 Re4 19. Bf4 g6 20. fxg6 fxg6 21. Bg5
Qf8 22. Nf6+ Kg7 23. Nxe4 Qxf3 24. gxf3 dxe4 25. Bxh4 1-0

[Event "NJSK 2019 Jeugd C"]
[Site "Assen, Netherlands"]
[Date "2019.04.29"]
[Round "2.10"]
[White "Van Kuijk, Vadim"]
[Black "Klaren, Duncan"]
[Result "0-1"]
[WhiteElo "1589"]
[BlackElo "1980"]
[PlyCount "71"]
[EventDate "2019.??.??"]

1. d4 Nf6 2. Bf4 e6 3. Nf3 d5 4. e3 c5 5. c3 Nbd7 6. Bd3 Be7 7. Nbd2 O-O 8. Qe2
h6 9. h3 c4 10. Bb1 b5 11. g4 Ne8 12. e4 b4 13. e5 f6 14. Nxc4 Ba6 15. Qc2 f5
16. gxf5 Bxc4 17. fxe6 Ndf6 18. exf6 Nxf6 19. Rg1 Ne4 20. Be5 Bf6 21. Nd2 Bxe5
22. Nxe4 dxe4 23. Qxe4 Bxe6 24. Qxe5 Qd7 25. Qe4 Bf5 26. Qg2 Rae8+ 27. Kd2
bxc3+ 28. bxc3 Bxh3 29. Qg3 Qe7 30. Bd3 Bf5 31. Rae1 Qb7 32. Bxf5 Rxe1 33. Rxe1
Rxf5 34. Re2 Rf3 35. Re8+ Kf7 36. Rb8 0-1

[Event "NJSK 2019 Jeugd C"]
[Site "Assen, Netherlands"]
[Date "2019.04.29"]
[Round "3.1"]
[White "Boghossian, Wahe"]
[Black "Brandsma, Romayn"]
[Result "0-1"]
[WhiteElo "1820"]
[BlackElo "1958"]
[PlyCount "44"]
[EventDate "2019.??.??"]

1. e4 e5 2. Nf3 Nc6 3. d4 exd4 4. Bc4 Bc5 5. c3 Nf6 6. e5 d5 7. Bb5 Ne4 8. Nxd4
O-O 9. Bxc6 bxc6 10. O-O Ba6 11. Re1 f6 12. Be3 Nxf2 13. Bxf2 fxe5 14. Rxe5
Rxf2 15. Kxf2 Qf6+ 16. Kg1 Qxe5 17. Qd2 Rf8 18. Na3 Bd6 19. Nf3 Rxf3 20. gxf3
Be2 21. f4 Bc5+ 22. Kg2 Qe4+ 0-1

[Event "NJSK 2019 Jeugd C"]
[Site "Assen, Netherlands"]
[Date "2019.04.29"]
[Round "3.2"]
[White "Pham, Khoi"]
[Black "Yeh, Timo"]
[Result "1-0"]
[WhiteElo "2140"]
[BlackElo "1783"]
[PlyCount "67"]
[EventDate "2019.??.??"]

1. d4 d5 2. c4 e6 3. Nc3 Nf6 4. cxd5 exd5 5. Bg5 Be7 6. e3 c6 7. Bd3 O-O 8. Nf3
Bg4 9. Qc2 h6 10. Bf4 a5 11. Ne5 Nbd7 12. f3 Be6 13. g4 c5 14. Qf2 cxd4 15.
exd4 Nxe5 16. Bxe5 Nd7 17. Bg3 f5 18. Qe2 Qb6 19. O-O-O fxg4 20. Rhe1 Rf6 21.
fxg4 Rc8 22. Bc2 Bb4 23. Rd3 Rc4 24. h4 Rxd4 25. Rxd4 Qxd4 26. g5 Bg4 27. Qe8+
Rf8 28. Qg6 Be2 29. Qh7+ Kf7 30. Rxe2 Qb6 31. Nxd5 Qg1+ 32. Be1 Ne5 33. Rxe5
Bd2+ 34. Kb1 1-0

[Event "NJSK 2019 Jeugd C"]
[Site "Assen, Netherlands"]
[Date "2019.04.29"]
[Round "3.3"]
[White "Kutchoukov, Daniel"]
[Black "Van der Hagen, Loek"]
[Result "0-1"]
[WhiteElo "1862"]
[BlackElo "1931"]
[PlyCount "92"]
[EventDate "2019.??.??"]

1. e4 c5 2. Nf3 d6 3. Bb5+ Bd7 4. Bxd7+ Qxd7 5. c4 Nc6 6. O-O Nf6 7. Nc3 g6 8.
d4 cxd4 9. Nxd4 Bg7 10. Nc2 O-O 11. f3 Rfc8 12. Be3 Qd8 13. Qd2 Nd7 14. Nd4
Nxd4 15. Bxd4 Rxc4 16. Bxg7 Kxg7 17. Rac1 Qa5 18. Qe3 Qb6 19. Nd5 Qxe3+ 20.
Nxe3 Rc6 21. Nd5 Kf8 22. Nb4 Rcc8 23. Kf2 Nb6 24. Nd5 Nxd5 25. exd5 Ke8 26. Ke3
Rxc1 27. Rxc1 Kd7 28. Rd1 Rc8 29. Rd2 e5 30. Re2 f5 31. g3 a5 32. Rd2 Rc4 33.
b3 Rc5 34. Ke2 Ke7 35. Ke3 Kf6 36. Ke2 e4 37. f4 Rc3 38. Rd1 g5 39. fxg5+ Kxg5
40. Rd2 Kf6 41. Rd1 Ke5 42. Rd2 Rc5 43. Ke3 Rxd5 44. Rc2 Rc5 45. Rd2 d5 46. Ke2
d4 0-1

[Event "NJSK 2019 Jeugd C"]
[Site "Assen, Netherlands"]
[Date "2019.04.29"]
[Round "3.4"]
[White "Labruyere, Roger"]
[Black "Slagboom, Leandro"]
[Result "1-0"]
[WhiteElo "1922"]
[BlackElo "1738"]
[PlyCount "73"]
[EventDate "2019.??.??"]

1. e4 c5 2. Nf3 d6 3. d4 cxd4 4. Nxd4 Nf6 5. Nc3 a6 6. Bg5 e6 7. f4 Be7 8. Qf3
Qc7 9. O-O-O Nbd7 10. Bd3 b5 11. Rhe1 Bb7 12. Nd5 exd5 13. exd5 Kd8 14. Nf5 Bf8
15. Nd4 Nc5 16. Qe3 Nxd3+ 17. Rxd3 Qd7 18. Nb3 Rc8 19. Na5 Ba8 20. Rc3 Rxc3 21.
bxc3 Bxd5 22. Bxf6+ gxf6 23. Qb6+ Qc7 24. Qd4 Qxa5 25. Qxd5 Qa3+ 26. Kd2 Kc7
27. Qxf7+ Kb6 28. Qxf6 Rg8 29. Qd8+ Kc6 30. Qa8+ Kc5 31. Re8 Bh6 32. Rxg8 Bxf4+
33. Kd3 d5 34. Qc8+ Kb6 35. Qd8+ Kc5 36. Qe7+ Bd6 37. Qa7+ 1-0

[Event "NJSK 2019 Jeugd C"]
[Site "Assen, Netherlands"]
[Date "2019.04.29"]
[Round "3.5"]
[White "Bleeker, Kasper"]
[Black "De Winter, Arthur"]
[Result "1-0"]
[WhiteElo "1932"]
[BlackElo "1661"]
[PlyCount "149"]
[EventDate "2019.??.??"]

1. e4 c5 2. Nf3 e6 3. d4 cxd4 4. c3 dxc3 5. Nxc3 d6 6. Bc4 Nc6 7. O-O Nf6 8.
Bf4 Be7 9. Qe2 a6 10. Rac1 O-O 11. Rfd1 Qc7 12. Bb3 Rd8 13. Rd2 Ne5 14. Nxe5
dxe5 15. Rxd8+ Bxd8 16. Na4 Qb8 17. Bg5 Bd7 18. Bxf6 Bxa4 19. Bxg7 Kxg7 20.
Bxa4 b5 21. Bd1 Qd6 22. Rc3 Bb6 23. Rd3 Qc5 24. Qg4+ Kf8 25. Qh4 Ke8 26. Be2
Rd8 27. Rc3 Qd4 28. h3 Qd2 29. Bh5 Rd3 30. Rxd3 Qxd3 31. Qf6 Qd7 32. Qh8+ Ke7
33. Qxh7 Qd2 34. Qxf7+ Kd6 35. Qf8+ Kc7 36. Qe7+ Kb8 37. Qe8+ Kb7 38. Qe7+ Kb8
39. Qf8+ Kb7 40. Qf7+ Kb8 41. Qf8+ Kb7 42. Qf7+ Kb8 43. Kh2 Bxf2 44. Qg8+ Kb7
45. Qg7+ Ka8 46. Qh8+ Kb7 47. Qg7+ Kb6 48. Qxe5 Qe1 49. Qd6+ Kb7 50. Qd7+ Kb8
51. Qd6+ Kb7 52. Qe7+ Kb8 53. Qf8+ Kb7 54. Qf7+ Kb8 55. Qf4+ Kb7 56. h4 Bxh4
57. Bf3 Bf2 58. Qf7+ Kb6 59. Qxe6+ Ka5 60. Qf6 b4 61. Qe5+ Ka4 62. Qe8+ Ka5 63.
Qd8+ Kb5 64. Qd5+ Kb6 65. Qd6+ Kb5 66. Qe5+ Kb6 67. Qf6+ Kb5 68. Qg5+ Kb6 69.
e5 Qg1+ 70. Kh3 Qh1+ 71. Kg4 Qh7 72. Qd8+ Ka7 73. Qa8+ Kb6 74. Qb8+ Ka5 75.
Qd8+ 1-0

[Event "NJSK 2019 Jeugd C"]
[Site "Assen, Netherlands"]
[Date "2019.04.29"]
[Round "3.6"]
[White "Jakhari, Ansh"]
[Black "Roebers, Eline"]
[Result "1/2-1/2"]
[WhiteElo "1630"]
[BlackElo "2077"]
[PlyCount "50"]
[EventDate "2019.??.??"]

1. e4 c5 2. Nf3 e6 3. d4 cxd4 4. Nxd4 Nc6 5. Nc3 Qc7 6. Be3 a6 7. Be2 Nf6 8.
O-O Be7 9. a3 O-O 10. Qd2 d6 11. Rad1 Nxd4 12. Bxd4 e5 13. Be3 Be6 14. f4 Rfd8
15. f5 Bc4 16. Bxc4 Qxc4 17. Qd3 Rac8 18. Bg5 Qxd3 19. Rxd3 Rc4 20. Rfd1 Rc6
21. R1d2 Rd7 22. Bxf6 Bxf6 23. Nd5 Bd8 24. Nb4 Rb6 25. Nd5 Rc6 1/2-1/2

[Event "NJSK 2019 Jeugd C"]
[Site "Assen, Netherlands"]
[Date "2019.04.29"]
[Round "3.7"]
[White "Klaren, Duncan"]
[Black "Shadrin, Mitia"]
[Result "0-1"]
[WhiteElo "1980"]
[BlackElo "1692"]
[PlyCount "54"]
[EventDate "2019.??.??"]

1. e4 c5 2. Nf3 d6 3. d4 cxd4 4. Nxd4 Nf6 5. Nc3 g6 6. Be2 Bg7 7. O-O O-O 8.
Re1 Nc6 9. Nb3 Be6 10. Bf1 d5 11. Nc5 d4 12. Nxe6 fxe6 13. Nb5 Qb6 14. a4 a5
15. c3 Ne8 16. Qb3 Nc7 17. Bc4 Nxb5 18. Bxe6+ Kh8 19. axb5 dxc3 20. Be3 Nd4 21.
Qd5 cxb2 22. Ra4 Rad8 23. Bd7 e5 24. Rc4 a4 25. Bxd4 exd4 26. e5 d3 27. Rf1
Qxf2+ 0-1

[Event "NJSK 2019 Jeugd C"]
[Site "Assen, Netherlands"]
[Date "2019.04.29"]
[Round "3.10"]
[White "Bakija, Alan"]
[Black "Van Arendonk, Polle"]
[Result "1-0"]
[WhiteElo "1580"]
[BlackElo "1803"]
[PlyCount "87"]
[EventDate "2019.??.??"]

1. Nf3 Nf6 2. g3 g6 3. d4 d5 4. Bg2 Bg7 5. O-O O-O 6. c4 dxc4 7. Nbd2 c3 8.
bxc3 c5 9. Nb3 cxd4 10. cxd4 Nc6 11. Bb2 Qb6 12. Nfd2 Rd8 13. Nc4 Qc7 14. Rc1
Be6 15. Ne3 Qd7 16. Nc5 Qc8 17. Nxe6 Qxe6 18. d5 Qc8 19. Qb3 Rb8 20. dxc6 bxc6
21. Qc2 Ng4 22. Bxg7 Nxe3 23. fxe3 Kxg7 24. Qxc6 Qxc6 25. Rxc6 Rb2 26. Rc7 Rxa2
27. Rxe7 Rf8 28. Rexf7+ Rxf7 29. Rxf7+ Kxf7 30. Bd5+ Kf6 31. Bxa2 Ke5 32. Bg8
h6 33. Kf2 a5 34. Kf3 a4 35. Ba2 a3 36. h3 h5 37. h4 Kf5 38. e4+ Ke5 39. e3 Kf6
40. Kf4 g5+ 41. hxg5+ Kg6 42. e5 Kg7 43. e6 Kf8 44. g6 1-0

[Event "NJSK 2019 Jeugd C"]
[Site "Assen, Netherlands"]
[Date "2019.04.29"]
[Round "3.11"]
[White "Arnold, Lorin"]
[Black "Dekker, Thiemen"]
[Result "1/2-1/2"]
[WhiteElo "1598"]
[BlackElo "1521"]
[PlyCount "135"]
[EventDate "2019.??.??"]

1. e4 e5 2. d4 d6 3. Bc4 Be7 4. Nf3 Nd7 5. O-O Ngf6 6. c3 O-O 7. Ng5 h6 8.
Bxf7+ Rxf7 9. Ne6 Qe8 10. Nxc7 Qd8 11. Nxa8 Nxe4 12. dxe5 Nxe5 13. Be3 Nc6 14.
Nd2 Nxd2 15. Qxd2 Bf5 16. Rad1 Qxa8 17. Bf4 Rf6 18. Rfe1 Qd8 19. Re3 Bc2 20.
Qxc2 Rxf4 21. Qb3+ Rf7 22. Rf3 Bf6 23. Rfd3 Be5 24. Rf3 Qe7 25. g3 Kf8 26.
Rxf7+ Qxf7 27. Qxf7+ Kxf7 28. f4 Bf6 29. Rxd6 Ke7 30. Rd3 Ke6 31. Kf2 h5 32.
Ke3 h4 33. g4 g5 34. h3 b6 35. Ke4 gxf4 36. Kxf4 Ne5 37. Re3 Bg7 38. Rxe5+
Bxe5+ 39. Kg5 Bf6+ 40. Kh5 Be7 41. g5 Kf5 42. g6 Bf6 43. c4 Kf4 44. b4 Ke4 45.
Kh6 Kd4 46. g7 Bxg7+ 47. Kxg7 Kxc4 48. Kg6 Kxb4 49. Kg5 Ka3 50. Kxh4 Kxa2 51.
Kg4 b5 52. h4 b4 53. h5 b3 54. h6 b2 55. h7 b1=Q 56. h8=Q a5 57. Kf4 a4 58. Ke3
Qb3+ 59. Ke4 a3 60. Qh5 Qc2+ 61. Kd4 Kb1 62. Qh1+ Qc1 63. Qe4+ Ka1 64. Qf3 a2
65. Qf5 Qb2+ 66. Kc4 Qc1+ 67. Kd4 Qd2+ 68. Kc4 1/2-1/2

[Event "NJSK 2019 Jeugd C"]
[Site "Assen, Netherlands"]
[Date "2019.04.30"]
[Round "4.1"]
[White "Brandsma, Romayn"]
[Black "Labruyere, Roger"]
[Result "0-1"]
[WhiteElo "1958"]
[BlackElo "1922"]
[PlyCount "68"]
[EventDate "2019.??.??"]

1. e4 c5 2. c3 Nf6 3. e5 Nd5 4. g3 d6 5. d4 cxd4 6. cxd4 Nc6 7. Bg2 e6 8. Nf3
Be7 9. O-O O-O 10. Nbd2 dxe5 11. dxe5 Qc7 12. Nc4 b5 13. Ne3 Rd8 14. Nxd5 Rxd5
15. Qc2 Rc5 16. Qd3 Bb7 17. Be3 Rd8 18. Qb1 Rcd5 19. Ng5 Bxg5 20. Bxg5 f6 21.
Bxd5 Rxd5 22. Be3 Nxe5 23. f3 Rd3 24. Bf4 Qc5+ 25. Rf2 Nxf3+ 26. Kf1 Qc4 27.
Re2 Rd2 28. Bxd2 Nxd2+ 29. Kf2 Nxb1 30. Rxb1 Qd4+ 31. Re3 f5 32. Ke2 Qc4+ 33.
Kd2 Qxa2 34. Kc2 Be4+ 0-1

[Event "NJSK 2019 Jeugd C"]
[Site "Assen, Netherlands"]
[Date "2019.04.30"]
[Round "4.2"]
[White "Van der Hagen, Loek"]
[Black "Pham, Khoi"]
[Result "0-1"]
[WhiteElo "1931"]
[BlackElo "2140"]
[PlyCount "88"]
[EventDate "2019.??.??"]

1. e4 c5 2. Nf3 d6 3. d4 cxd4 4. Nxd4 Nf6 5. Nc3 a6 6. Bg5 e6 7. f4 Nbd7 8. Qf3
Qc7 9. O-O-O b5 10. Bd3 Bb7 11. Rhe1 Qb6 12. Nd5 Qxd4 13. Bxb5 Qc5 14. b4 Qc8
15. Nb6 Qc7 16. Nxa8 Bxa8 17. Bxd7+ Nxd7 18. Qb3 Be7 19. Bxe7 Kxe7 20. Rd4 Rc8
21. Red1 Nb6 22. f5 e5 23. Rxd6 Bxe4 24. f6+ gxf6 25. R6d2 Bf5 26. Rf2 Be6 27.
Qf3 f5 28. Qg3 Qc3 29. Qxc3 Rxc3 30. Kb1 e4 31. Re1 Kd6 32. g4 Ke5 33. gxf5
Bxf5 34. Ref1 Be6 35. Re1 f5 36. Kb2 Rh3 37. Rg2 Nc4+ 38. Kc1 e3 39. a4 f4 40.
b5 axb5 41. axb5 Ke4 42. Rg7 f3 43. Re7 f2 44. Rxe6+ Kf5 0-1

[Event "NJSK 2019 Jeugd C"]
[Site "Assen, Netherlands"]
[Date "2019.04.30"]
[Round "4.3"]
[White "Shadrin, Mitia"]
[Black "Bleeker, Kasper"]
[Result "0-1"]
[WhiteElo "1692"]
[BlackElo "1932"]
[PlyCount "56"]
[EventDate "2019.??.??"]

1. e4 e5 2. Nf3 Nc6 3. d4 exd4 4. Nxd4 Nf6 5. Nxc6 bxc6 6. Bd3 Bc5 7. O-O d6 8.
Kh1 Ng4 9. Qf3 Qh4 10. h3 Nxf2+ 11. Kh2 O-O 12. Bf4 Ng4+ 13. Kh1 Nf2+ 14. Kh2
Bg4 15. Qg3 Qxg3+ 16. Kxg3 Nxd3 17. cxd3 Be2 18. Rc1 Bxd3 19. e5 Bd4 20. Nc3
Bxe5 21. Bxe5 dxe5 22. Re1 Rfe8 23. Re3 Bg6 24. Na4 Rad8 25. Rc1 Rd6 26. Rc5 f6
27. Rec3 Be4 28. Ra5 Rd2 0-1

[Event "NJSK 2019 Jeugd C"]
[Site "Assen, Netherlands"]
[Date "2019.04.30"]
[Round "4.4"]
[White "Catalan, Ciro"]
[Black "Boghossian, Wahe"]
[Result "1-0"]
[WhiteElo "1599"]
[BlackElo "1820"]
[PlyCount "93"]
[EventDate "2019.??.??"]

1. d4 Nf6 2. c4 e6 3. Nc3 c5 4. d5 exd5 5. cxd5 d6 6. e4 Be7 7. f3 a6 8. a4
Nbd7 9. Nge2 h6 10. Ng3 Ne5 11. Be3 O-O 12. Be2 Nh7 13. f4 Ng6 14. O-O b6 15.
Qd2 Rb8 16. Rad1 Qc7 17. e5 dxe5 18. d6 Bxd6 19. Qxd6 Qxd6 20. Rxd6 exf4 21.
Bxf4 Nxf4 22. Rxf4 Ng5 23. Rf1 Be6 24. h4 Nh7 25. Bxa6 Nf6 26. Bb5 Bb3 27. Nge4
Ng4 28. Nd2 Be6 29. Re1 h5 30. Nc4 Rfd8 31. Red1 Rf8 32. Nd5 Kh8 33. Ndxb6 Nf6
34. R6d2 Ne4 35. Rd3 Bg4 36. Re1 Nf6 37. Nd5 Bf5 38. Rdd1 Ng4 39. Nde3 Be6 40.
Nxg4 hxg4 41. Rd2 g6 42. Ne5 Rfc8 43. Nxg6+ Kg7 44. Nf4 Bf5 45. Rd5 Bh7 46.
Rg5+ Kf6 47. Nd5# 1-0

[Event "NJSK 2019 Jeugd C"]
[Site "Assen, Netherlands"]
[Date "2019.04.30"]
[Round "4.6"]
[White "Roebers, Eline"]
[Black "Bakija, Alan"]
[Result "1-0"]
[WhiteElo "2077"]
[BlackElo "1580"]
[PlyCount "93"]
[EventDate "2019.??.??"]

1. e4 c6 2. d4 d5 3. Nc3 dxe4 4. Nxe4 Nf6 5. Nxf6+ exf6 6. Nf3 Nd7 7. Bd3 Bd6
8. Be3 Nb6 9. c4 Bb4+ 10. Bd2 Qe7+ 11. Qe2 Qxe2+ 12. Kxe2 Bxd2 13. Kxd2 Be6 14.
Kc3 Kd7 15. a4 a5 16. Nd2 Kc7 17. Rhe1 g6 18. b3 f5 19. Re2 Rad8 20. Nf3 h6 21.
Bc2 Rhe8 22. Rae1 Re7 23. Ne5 Rde8 24. Nxf7 h5 25. Ng5 Kd7 26. Nh3 Bf7 27.
Rxe7+ Rxe7 28. Rxe7+ Kxe7 29. Ng5 Bg8 30. Nf3 Nd7 31. Ne5 Nxe5 32. dxe5 c5 33.
f4 b6 34. Kd2 Kf7 35. Ke3 Kg7 36. Bd1 Be6 37. Bf3 Bd7 38. Bd5 Bc8 39. Kf3 h4
40. h3 Kh6 41. g3 hxg3 42. Kxg3 g5 43. fxg5+ Kxg5 44. h4+ Kg6 45. Kf4 Kh5 46.
Bf7+ Kh6 47. e6 1-0

[Event "NJSK 2019 Jeugd C"]
[Site "Assen, Netherlands"]
[Date "2019.04.30"]
[Round "4.7"]
[White "De Winter, Arthur"]
[Black "Kutchoukov, Daniel"]
[Result "1/2-1/2"]
[WhiteElo "1661"]
[BlackElo "1862"]
[PlyCount "99"]
[EventDate "2019.??.??"]

1. e4 c6 2. d4 d5 3. Nc3 dxe4 4. Nxe4 Nf6 5. Nxf6+ gxf6 6. Nf3 h5 7. Bf4 h4 8.
Bc4 h3 9. g3 Bg4 10. c3 e6 11. Be2 Bd6 12. Bxd6 Qxd6 13. Nh4 Qd5 14. Bf3 Bxf3
15. Qxf3 Qg5 16. Qe3 Qxe3+ 17. fxe3 f5 18. Nf3 Nd7 19. Ke2 Nf6 20. Ne5 Ke7 21.
Rhg1 Rag8 22. Raf1 Rh7 23. Kd3 Rhh8 24. c4 Rh7 25. Rf3 Rhg7 26. Rff1 Rh7 27. b4
Rhg7 28. Rb1 Ng4 29. Nxg4 fxg4 30. b5 Kd7 31. Rgc1 f5 32. Rc3 cxb5 33. Rxb5 b6
34. c5 bxc5 35. Rcxc5 Kd6 36. Ra5 Rb8 37. e4 fxe4+ 38. Kxe4 Rb2 39. Ra6+ Rb6
40. Rca5 Rf7 41. Rxa7 Rf2 42. R5a6 Rxa6 43. Rxa6+ Kd7 44. Ra7+ Kd6 45. Ra6+ Kd7
46. Ra7+ Kd6 47. a4 Rxh2 48. Kf4 Rd2 49. Kxg4 h2 50. Rh7 1/2-1/2